Textbook of fluid dynamics (Record no. 1430089)

MARC details
000 -LEADER
fixed length control field 00483nam a2200181Ia 4500
005 - DATE AND TIME OF LATEST TRANSACTION
control field 20250714125321.0
008 - FIXED-LENGTH DATA ELEMENTS--GENERAL INFORMATION
fixed length control field 008 250516s9999 xx 000 0 eng d
020 ## - INTERNATIONAL STANDARD BOOK NUMBER
International Standard Book Number 9788123908816
040 ## - CATALOGING SOURCE
Language of cataloging eng
Transcribing agency SDCL
041 ## - LANGUAGE CODE
Language code of text/sound track or separate title eng
Source of code eng
084 ## - COLON CLASSIFICATION NUMBER
Classification number B75:3 M5
100 ## - MAIN ENTRY--PERSONAL NAME
Personal name Chorlton, Frank
245 #0 - TITLE STATEMENT
Title Textbook of fluid dynamics
260 ## - PUBLICATION, DISTRIBUTION, ETC.
Place of publication, distribution, etc. New Delhi :
Name of publisher, distributor, etc. Cbs Publishers & Distributors,
Date of publication, distribution, etc. 1985.
300 ## - PHYSICAL DESCRIPTION
Extent xiv, 399p.
650 ## - SUBJECT ADDED ENTRY--TOPICAL TERM
Topical term or geographic name entry element Mathematics
942 ## - ADDED ENTRY ELEMENTS (KOHA)
Koha item type Textual
Source of classification or shelving scheme Colon Classification (CC)
100 ## - MAIN ENTRY--PERSONAL NAME
-- 815533
999 ## -
-- 1430089
-- 1430089
Holdings
Withdrawn status Lost status Source of classification or shelving scheme Damaged status Not for loan Home library Current library Date acquired Source of acquisition Inventory number Total checkouts Full call number Barcode Date last seen Price effective from Koha item type
    Colon Classification (CC)     South Campus Library South Campus Library 2025-05-22 Classic Book Service 200, 02/01/2025   B75:3 M5 SC1808746 2025-05-22 2025-05-22 Textual
    Colon Classification (CC)     South Campus Library South Campus Library 2025-05-22 Classic Book Service 200, 02/01/2025   B75:3 M5;1 SC1808747 2025-05-22 2025-05-22 Textual
    Colon Classification (CC)     South Campus Library South Campus Library 2025-05-22 Classic Book Service 200, 02/01/2025   B75:3 M5;2 SC1808748 2025-05-22 2025-05-22 Textual
    Colon Classification (CC)     South Campus Library South Campus Library 2025-05-22 Classic Book Service 200, 02/01/2025   B75:3 M5;3 SC1808749 2025-05-22 2025-05-22 Textual
    Colon Classification (CC)     South Campus Library South Campus Library 2025-05-22 Classic Book Service 200, 02/01/2025   B75:3 M5;4 SC1808750 2025-05-22 2025-05-22 Textual
Copyright @ Delhi University Library System